Cumulative Cloth Wet Techniques: A Guide to Fabric Color, Pattern, Construction, and Embellishment (Record no. 370308)

MARC details
000 -LEADER
fixed length control field 01049nam a2200193 4500
005 - DATE AND TIME OF LATEST TRANSACTION
control field 20260210112618.0
008 - FIXED-LENGTH DATA ELEMENTS--GENERAL INFORMATION
fixed length control field 260204b |||||||| |||| 00| 0 eng d
020 ## - INTERNATIONAL STANDARD BOOK NUMBER
International Standard Book Number 9780764366901
041 ## - LANGUAGE CODE
Language code of text/sound track or separate title English
082 ## - DEWEY DECIMAL CLASSIFICATION NUMBER
Item number BRA
Classification number 746.1
100 ## - MAIN ENTRY--PERSONAL NAME
Author Brandeis Susan
245 ## - TITLE STATEMENT
Title Cumulative Cloth Wet Techniques: A Guide to Fabric Color, Pattern, Construction, and Embellishment
260 ## - PUBLICATION, DISTRIBUTION, ETC.
Name of publisher, distributor, etc. Schiffer Craft
Date of publication, distribution, etc. 2023
300 ## - PHYSICAL DESCRIPTION
Extent 286
365 ## - TRADE PRICE
Price amount 3635.49
Currency code Rs.00
520 ## - SUMMARY, ETC.
Summary, etc. Introduction<br/>Chapter 1: Dyes And Dyeing: Choosing Expressive Foundation Color<br/>Chapter 2: Resist Dyeing (Shibori): Adding Pattern With Dyes<br/>Chapter 3: Direct Application: Drawing And Painting With Pigments<br/>Chapter 4: Screen Printing: Repetition And Composition<br/>Chapter 5: Digital Printing: Scanned Or Photographic Images Of Cloth<br/>Chapter 6: Discharge: Removing Color<br/>Appendix A: Finishing Techniques<br/>Appendix B: Materials, Tools, And Equipment<br/>Appendix C: Keeping Samples: Your Cumulative Cloth "Library" And "Toolbox"<br/>
650 ## - SUBJECT ADDED ENTRY--TOPICAL TERM
Topical term or geographic name entry element Dyeing
942 ## - ADDED ENTRY ELEMENTS (KOHA)
Koha item type Books
Holdings
Withdrawn status Lost status Source of classification or shelving scheme Damaged status Not for loan Home library Current library Date acquired Vendor Net Price Bill number Total Checkouts Full call number Barcode Date last seen Discount Actual Price Bill Date Koha item type
    Dewey Decimal Classification     School of Fashion Technology School of Fashion Technology 03/02/2026 Design Book Studio 3635.49 284   BRA SOFT-BK-4933 04/02/2026 33% 5426.10 12/12/2025 Books